| 000 | 00633cam a22002052 4500 | ||
|---|---|---|---|
| 001 | 0000009771 | ||
| 005 | 20151217155844.0 | ||
| 008 | 081127s xx 000 0 eng d | ||
| 040 |
_aKABU _cKABU |
||
| 100 | 1 |
_aLambert, H. E. _@0000161551 |
|
| 245 | 1 | 0 |
_aChi-Jomvu and Ki-Ngare sub-dialects of the Mombasa area / _cH. E. Lambert. |
| 250 | _a1st ed. | ||
| 260 |
_aKampala : _bE. A. Swahili Committee, _c1958. |
||
| 300 | _a119 p. | ||
| 650 | 0 |
_aChijomvu dialect. _@0000161552 |
|
| 650 | 0 |
_aKingare dialect. _@0000161553 |
|
| 852 | 1 | _9p100 KES | |
| 908 | _a081127 | ||
| 950 | _@1 | ||
| 999 |
_c13289 _d13289 |
||